01558nam a2200361Ia 4500001001200000003000800012006001900020007001500039008004100054010001700095020001500112020001800127020001800145040002100163035002100184050002700205082001800232100004200250245012500292260004700417300001500464490004900479504005100528533015200579610007100731650008500802650004400887650004700931655002900978710001701007830004601024856012601070ebr10547366CaPaEBRm u cr cn|||||||||110914s2012 nyu sb 001 0 eng d z 2011038541 z0801450667 z9780801450662 z9780801464188 aCaPaEBRcCaPaEBR a(OCoLC)79448917214aRA975.C37bR445 2012eb04a362.110882231 aReich, Adam D.q(Adam Dalton),d1981-10aWith God on our sideh[electronic resource] :bthe struggle for Workers' Rights in a Catholic hospital /cAdam D. Reich. aIthaca :bCornell University Press,c2012. axx, 183 p.1 aThe culture and politics of health care work aIncludes bibliographical references and index. aElectronic reproduction.bPalo Alto, Calif. :cebrary,d2011.nAvailable via World Wide Web.nAccess may be limited to ebrary affiliated libraries.20aSanta Rosa Memorial HospitalxEmployeesxLabor unionsxOrganizing. 0aCatholic hospitalsxEmployeesxLabor unionsxOrganizingzCaliforniazSanta Rosa. 0aLabor movementzCaliforniazSanta Rosa. 0aLaborxReligious aspectsxCatholic Church. 7aElectronic books.2local2 aebrary, Inc. 0aCulture and politics of health care work.40uhttp://site.ebrary.com/lib/rucke/Doc?id=10547366zAn electronic book accessible through the World Wide Web; click to view